000 00636nam a2200217Ii 4500
001 15652
003 CO-ViMGA
008 241108s9999||||xx |||||||||||||| ||und||
020 _a9803001396
040 _aCO-ViMGA
_bspa
_erda
_cCO-ViMGA
041 0 _aspa
082 0 4 _a655.316 N19m
100 1 _aWashington Navarrete Gómez
_952622
245 1 0 _aManual de serigrafía :
_btecnología adecuada
264 1 _aBogotá, Colombia : Printer, 1993
300 _avolumen
336 _atext
_btxt
_2rdacontent
337 _aunmediated
_bn
_2rdamedia
338 _avolume
_bnc
_2rdacarrier
940 _aidficha_siabuc: 15336. -- ficha_no_siabuc:15652
999 _c47415
_d47415